000 00772cam a2200277 4500500
005 20260405000249.0
041 _afre
042 _adc
100 1 0 _aGherardi, Sophie
_eauthor
245 0 0 _aEn France, le feedback n’est pas notre genre
260 _c2023.
500 _a79
690 _aAutorité
690 _aCommunication
690 _aEntreprise
690 _aÉvaluation
690 _aIntelligence émotionnelle
690 _aLeadership
690 _aManagement
690 _aManagement interculturel
690 _aMotivation
690 _aSoft skills
690 _aTravail
786 0 _nPhilonomist | - | 10 | 2023-10-25 | p. 2-6
856 4 1 _uhttps://shs.cairn.info/magazine-philonomist-2023-10-page-2?lang=fr&redirect-ssocas=7080
999 _c2035293
_d2035293